[Event "Mittelfranken-chT2b 1617"]
[Site "Mittelfranken"]
[Date "2017.01.22"]
[Round "5.7"]
[White "Justi, Fabian"]
[Black "Gstaltmeyr, Karl"]
[Result "1-0"]
[WhiteElo "1803"]
[BlackElo "1729"]
[PlyCount "57"]
[EventDate "2016.10.23"]
[EventType "team-tourn"]
[EventRounds "9"]
[EventCountry "GER"]
[SourceTitle "EXT 2022"]
[Source "ChessBase"]
[SourceDate "2021.10.06"]
[SourceVersion "1"]
[SourceVersionDate "2021.10.06"]
[SourceQuality "1"]
[WhiteTeam "Forchheim SC III"]
[BlackTeam "Schwanstetten"]
[WhiteTeamCountry "GER"]
[BlackTeamCountry "GER"]

1. e4 e5 2. f4 d6 3. Nf3 Nc6 4. Bc4 Be7 5. 0-0 Nf6 6. Nc3 Na5 7. fxe5 Nxc4 8. exf6 Bxf6 9. d4 Bg4 10. Qd3 Nb6 11. h3 Bh5 12. Qb5+ Nd7 13. Qxh5 g6 14. Qb5 Qc8 15. Bh6 c6 16. Qe2 Qc7 17. e5 dxe5 18. dxe5 Be7 19. e6 fxe6 20. Qxe6 Qd6 21. Rae1 Qxe6 22. Rxe6 Kd8 23. Ng5 Bc5+ 24. Kh1 Re8 25. Nf7+ Kc7 26. Bf4+ Kb6 27. Nd5+ Ka5 28. Bd2+ Bb4 29. Bxb4+ 1-0

[Event "Mittelfranken-chTB2b 1314"]
[Site "Mittelfranken"]
[Date "2014.03.30"]
[Round "8.8"]
[White "Justi, Fabian"]
[Black "Puehn, Georg"]
[Result "0-1"]
[WhiteElo "1750"]
[BlackElo "1876"]
[PlyCount "94"]
[EventDate "2013.10.20"]
[EventType "team-tourn"]
[EventRounds "9"]
[EventCountry "GER"]
[SourceTitle "EXT 2020"]
[Source "ChessBase"]
[SourceDate "2019.10.17"]
[SourceVersion "1"]
[SourceVersionDate "2019.10.17"]
[SourceQuality "1"]
[WhiteTeam "Forchheim III"]
[BlackTeam "Nuernberg NT IV"]
[WhiteTeamCountry "GER"]
[BlackTeamCountry "GER"]

1. e4 e5 2. f4 d5 3. Nf3 exf4 4. exd5 Nf6 5. d4 Be7 6. c4 c6 7. Bxf4 cxd5 8. Nc3 0-0 9. Bd3 Nc6 10. 0-0 Bg4 11. Be3 Nb4 12. Be2 dxc4 13. Bxc4 Nbd5 14. Bg5 Nxc3 15. bxc3 Qa5 16. Bxf6 Bxf6 17. Qb3 Rac8 18. Rac1 Rc7 19. h3 Bh5 20. g4 Bg6 21. Bd5 h6 22. c4 Re8 23. Rfd1 Rce7 24. c5 Qc7 25. Ne5 Bxe5 26. dxe5 Rxe5 27. Qxb7 Re1+ 28. Rxe1 Qg3+ 29. Bg2 Rxe1+ 30. Rxe1 Qxe1+ 31. Kh2 Qe5+ 32. Kh1 Qxc5 33. Qa8+ Kh7 34. Qf3 f5 35. gxf5 Qxf5 36. Kh2 Qe5+ 37. Qg3 Qb2 38. Qb3 Qe5+ 39. Qg3 Qb2 40. a4 Be4 41. h4 Qxg2+ 42. Qxg2 Bxg2 43. Kxg2 Kg6 44. a5 Kf5 45. Kf3 h5 46. a6 g6 47. Kg3 Ke4 0-1

[Event "Nuremberg LGA Cup 6th"]
[Site "Nuremberg"]
[Date "2009.09.06"]
[Round "7"]
[White "Hirschberg, Valerian"]
[Black "Justi, Fabian"]
[Result "1-0"]
[WhiteElo "2099"]
[BlackElo "1891"]
[PlyCount "115"]
[EventDate "2009.09.03"]
[EventType "swiss"]
[EventRounds "7"]
[EventCountry "GER"]
[SourceTitle "CBM 132 Extra"]
[Source "ChessBase"]
[SourceDate "2009.11.03"]
[SourceVersion "1"]
[SourceVersionDate "2009.11.03"]
[SourceQuality "1"]

1. Nf3 d5 2. c4 e6 3. g3 c6 4. Bg2 f5 5. d4 Nf6 6. 0-0 Bd6 7. b3 0-0 8. Ba3 Bxa3 9. Nxa3 Bd7 10. Nc2 Be8 11. Nce1 Nbd7 12. Nd3 Bh5 13. Nfe5 Ne4 14. f3 Nxe5 15. Nxe5 Nd6 16. c5 Nf7 17. Nd3 Qf6 18. Nf4 Bg6 19. e3 e5 20. Ne2 Qe7 21. Qd2 Rae8 22. Rfe1 Bh5 23. b4 e4 24. f4 Bxe2 25. Qxe2 b5 26. cxb6 axb6 27. b5 c5 28. dxc5 Qxc5 29. Rac1 Qb4 30. Red1 Rd8 31. Rd4 Qa3 32. Rcd1 Qc5 33. a4 Rd6 34. Qb2 Rc8 35. Qb3 Rcd8 36. Bh3 Nh6 37. Bf1 Ng4 38. R1d2 R6d7 39. Rc2 Qe7 40. Rc6 Rd6 41. Rxd6 Qxd6 42. Rxd5 Qxd5 43. Bc4 Nxe3 44. Bxd5+ Nxd5 45. a5 Kf8 46. axb6 Nxb6 47. Qe6 Nd7 48. Qxf5+ Nf6 49. b6 Rd1+ 50. Kf2 Ke7 51. b7 Nd7 52. Qxd7+ Kxd7 53. b8Q Rd2+ 54. Ke3 Rxh2 55. Qb7+ Ke6 56. Qxg7 Rh1 57. Kxe4 Re1+ 58. Kf3 1-0

[Event "Nuremberg LGA Cup 6th"]
[Site "Nuremberg"]
[Date "2009.09.04"]
[Round "2"]
[White "Justi, Fabian"]
[Black "Krauss, Josef"]
[Result "0-1"]
[WhiteElo "1891"]
[BlackElo "2110"]
[PlyCount "118"]
[EventDate "2009.09.03"]
[EventType "swiss"]
[EventRounds "7"]
[EventCountry "GER"]
[SourceTitle "CBM 132 Extra"]
[Source "ChessBase"]
[SourceDate "2009.11.03"]
[SourceVersion "1"]
[SourceVersionDate "2009.11.03"]
[SourceQuality "1"]

1. e4 e5 2. f4 exf4 3. Bc4 d5 4. Bxd5 Nf6 5. Nc3 Bb4 6. Bb3 Bxc3 7. bxc3 Nxe4 8. Qh5 Qe7 9. Ne2 Nf6 10. Qb5+ c6 11. Qa5 b6 12. Qa4 Bg4 13. 0-0 Bxe2 14. Ba3 b5 15. Qa5 Qd8 16. Qb4 Qb6+ 17. Rf2 c5 18. Rxe2+ Kd8 19. Qxc5 Qxc5+ 20. Bxc5 Nbd7 21. Be7+ Kc7 22. Bxf7 Rab8 23. Rae1 Rb6 24. Bb4 Ra6 25. Re7 Kd8 26. Bb3 g5 27. Rg7 h6 28. Be7+ Kc8 29. Bxf6 Nxf6 30. Ree7 Re8 31. Rc7+ Kb8 32. Rb7+ Ka8 33. Rxb5 Rd6 34. d3 a6 35. Rbb7 g4 36. Ba4 Re2 37. Ra7+ Kb8 38. Rgb7+ Kc8 39. Rc7+ Kb8 40. Rcb7+ Kc8 41. Rf7 Kb8 42. Rab7+ Kc8 43. Rbc7+ Kb8 44. Bc6 g3 45. Rb7+ Kc8 46. Rf8+ Ne8 47. Rxe8+ Rxe8 48. Bxe8 Kxb7 49. hxg3 fxg3 50. Bh5 Rb6 51. Kf1 Rb2 52. Bd1 Rxa2 53. Ke2 a5 54. d4 a4 55. Kd3 Ra1 56. Bf3+ Kc7 57. Bd5 a3 58. Bb3 Rg1 59. Bd5 Rxg2 0-1

[Event "Regionalliga NO 0809"]
[Site "Bayern"]
[Date "2009.03.15"]
[Round "8.6"]
[White "Boese, Klaus"]
[Black "Justi, Fabian"]
[Result "1-0"]
[WhiteElo "1953"]
[BlackElo "1732"]
[PlyCount "47"]
[EventDate "2008.10.05"]
[EventType "team-tourn"]
[EventRounds "9"]
[EventCountry "GER"]
[SourceTitle "EXT 2020"]
[Source "ChessBase"]
[SourceDate "2019.10.17"]
[SourceVersion "1"]
[SourceVersionDate "2019.10.17"]
[SourceQuality "1"]
[WhiteTeam "Bechhofen"]
[BlackTeam "Forchheim II"]
[WhiteTeamCountry "GER"]
[BlackTeamCountry "GER"]

1. Nf3 d5 2. d4 e6 3. c4 c5 4. cxd5 exd5 5. Nc3 Be6 6. g3 Nf6 7. Bg2 Nc6 8. 0-0 Qd7 9. Re1 Rd8 10. e3 Be7 11. a3 b6 12. b3 Bh3 13. Bh1 Bg4 14. Qd3 h5 15. Bb2 Bxf3 16. Bxf3 Na5 17. Bd1 c4 18. bxc4 Nxc4 19. Ba4 Nxb2 20. Bxd7+ Rxd7 21. Qb5 Nc4 22. Nxd5 Nxa3 23. Nxf6+ gxf6 24. Qc6 1-0

[Event "Nuremberg LGA Cup 5th"]
[Site "Nuremberg"]
[Date "2008.09.07"]
[Round "7.58"]
[White "Justi, Fabian"]
[Black "Nabavi, Parwis"]
[Result "0-1"]
[WhiteElo "1904"]
[BlackElo "2164"]
[PlyCount "80"]
[EventDate "2008.09.04"]
[EventType "swiss"]
[EventRounds "7"]
[EventCountry "GER"]
[SourceTitle "EXT 2022"]
[Source "ChessBase"]
[SourceDate "2021.10.06"]
[SourceVersion "1"]
[SourceVersionDate "2021.10.06"]
[SourceQuality "1"]

1. e4 e5 2. f4 exf4 3. Bc4 Nf6 4. Nc3 Bb4 5. Nd5 Nxd5 6. Bxd5 0-0 7. Nf3 Re8 8. c3 c6 9. Bb3 Rxe4+ 10. Kf2 Ba5 11. d4 Bc7 12. h4 d5 13. Ng5 Re7 14. Bc2 h6 15. Qd3 g6 16. Nf3 Bf5 17. Qd1 Be4 18. b3 Nd7 19. Ba3 Re6 20. h5 g5 21. Nh2 Qf6 22. Qd2 Qf5 23. Bd1 Nf6 24. Re1 g4 25. Kg1 g3 26. Nf1 Nxh5 27. Be2 Nf6 28. c4 h5 29. cxd5 cxd5 30. Rac1 Bb6 31. Bc5 h4 32. Bxb6 axb6 33. Rc7 h3 34. Nxg3 fxg3 35. Rf1 Qg6 36. Bf3 hxg2 37. Qxg2 Bxf3 38. Qxf3 Rxa2 39. Rc8+ Kg7 40. Qh1 Rh2 0-1

[Event "Nuremberg LGA Cup 5th"]
[Site "Nuremberg"]
[Date "2008.09.04"]
[Round "1"]
[White "Justi, Fabian"]
[Black "Lauer, Moritz"]
[Result "0-1"]
[WhiteElo "1904"]
[BlackElo "2284"]
[PlyCount "60"]
[EventDate "2008.09.04"]
[EventType "swiss"]
[EventRounds "7"]
[EventCountry "GER"]
[SourceTitle "CBM 126 Extra"]
[Source "ChessBase"]
[SourceDate "2008.11.05"]
[SourceVersion "1"]
[SourceVersionDate "2008.11.05"]
[SourceQuality "1"]

1. e4 d5 2. exd5 Nf6 3. g3 Nxd5 4. Bg2 g6 5. Nc3 Nxc3 6. bxc3 Bg7 7. Nf3 0-0 8. 0-0 c5 9. Rb1 Nc6 10. c4 Qc7 11. Bb2 e5 12. d3 Rb8 13. Qd2 b6 14. Rfe1 Bb7 15. Qg5 h6 16. Qe3 Rfe8 17. Qc1 Rbd8 18. Nd2 Nb4 19. a3 Bxg2 20. Kxg2 Nc6 21. Ne4 Qb7 22. f3 f5 23. Nc3 Ne7 24. Nd1 g5 25. Bxe5 Ng6 26. Bc3 g4 27. Re3 Bd4 28. Bd2 Rxe3 29. Bxe3 Qxf3+ 30. Kg1 Re8 0-1

[Event "Seebach op 19th"]
[Site "Grossenseebach"]
[Date "2008.05.25"]
[Round "7"]
[White "Justi, Fabian"]
[Black "Wittmann, Helmut"]
[Result "1/2-1/2"]
[WhiteElo "1849"]
[BlackElo "2083"]
[PlyCount "108"]
[EventDate "2008.05.25"]
[EventType "swiss"]
[EventRounds "7"]
[EventCountry "GER"]
[SourceTitle "EXT 2018"]
[Source "ChessBase"]
[SourceDate "2017.10.13"]
[SourceVersion "1"]
[SourceVersionDate "2017.10.13"]
[SourceQuality "1"]

1. e4 g6 2. Nc3 Bg7 3. f4 d6 4. Nf3 Nc6 5. Bc4 Nf6 6. 0-0 0-0 7. h3 Nxe4 8. Nxe4 d5 9. Bxd5 Qxd5 10. d3 Bf5 11. Ng3 Bd7 12. c3 e5 13. fxe5 Nxe5 14. Nxe5 Bxe5 15. Ne4 Bc6 16. Qf3 f5 17. Ng5 Qxf3 18. Nxf3 Bg3 19. Nd4 Bd7 20. Bf4 Bxf4 21. Rxf4 Rae8 22. Rf2 Re3 23. Rd1 Rd8 24. Nf3 Ba4 25. b3 Bc6 26. Nd4 Bd7 27. Nc2 Re6 28. Rfd2 Rd6 29. d4 Bc6 30. Ne3 Be4 31. c4 c5 32. d5 Kg7 33. Rf2 Rf8 34. Nf1 g5 35. Ng3 Ra6 36. Nxe4 fxe4 37. Rxf8 Kxf8 38. Rd2 Ke7 39. Kf2 Rf6+ 40. Ke3 Rf1 41. Kxe4 a6 42. Re2 b5 43. Ke5 bxc4 44. bxc4 Kd7 45. Rb2 Kc7 46. Ke4 Rd1 47. Rc2 Rf1 48. Ke5 h5 49. Ke6 g4 50. hxg4 hxg4 51. Ke7 Re1+ 52. Kf6 g3 53. Rc3 Re2 54. Rxg3 Rxa2 1/2-1/2

[Event "Mittelfranken-ch HT 57th"]
[Site "Bechhofen"]
[Date "2008.03.19"]
[Round "4.10"]
[White "Justi, Fabian"]
[Black "Leopold, Christian"]
[Result "0-1"]
[WhiteElo "1837"]
[BlackElo "1967"]
[PlyCount "130"]
[EventDate "2008.03.18"]
[EventType "swiss"]
[EventRounds "9"]
[EventCountry "GER"]
[SourceTitle "EXT 2011"]
[Source "ChessBase"]
[SourceDate "2010.11.26"]
[SourceVersion "1"]
[SourceVersionDate "2010.11.26"]
[SourceQuality "1"]

1. e4 c5 2. Nc3 Nc6 3. g3 g6 4. Bg2 Bg7 5. d3 d6 6. f4 e6 7. Nf3 Nge7 8. 0-0 Rb8 9. a3 0-0 10. Nh4 Nd4 11. Ne2 b5 12. c3 Ndc6 13. g4 f5 14. gxf5 exf5 15. Ng3 b4 16. axb4 cxb4 17. Bd2 Bf6 18. Nf3 a5 19. d4 fxe4 20. Nxe4 Bg7 21. Qe2 Qb6 22. Rfe1 Ba6 23. Qd1 Nf5 24. Neg5 Nd8 25. Qb3+ Kh8 26. Ne6 Nxe6 27. Qxe6 Bc8 28. Qd5 bxc3 29. bxc3 Bb7 30. Qxa5 Qb2 31. Bc1 Qc2 32. Ra2 Qd3 33. Rd2 Qc4 34. Ba3 Rfc8 35. Ng5 Bxg2 36. Kxg2 Qxc3 37. Qxc3 Rxc3 38. Bb2 Rcb3 39. Ba1 Nh4+ 40. Kf2 h6 41. Nf7+ Kg8 42. Re7 Nf5 43. Rd7 Rb1 44. Bc3 R1b3 45. Ba1 Ra8 46. Bb2 Rxb2 47. Rxb2 Bxd4+ 48. Kg2 Bxb2 49. Nxd6 Nxd6 50. Rxd6 Kf7 51. Rd5 Ke6 52. Rb5 Bf6 53. h3 Ra3 54. Rc5 Rd3 55. Rb5 Rd5 56. Rb4 Kf5 57. Kg3 Rd3+ 58. Kg2 Rd4 59. Rb6 Rxf4 60. Rb5+ Be5 61. Rb7 Rc4 62. Rf7+ Ke4 63. h4 Rc2+ 64. Kg1 Bf4 65. h5 Kf3 0-1

[Event "Mittelfranken-ch HT 57th"]
[Site "Bechhofen"]
[Date "2008.03.19"]
[Round "3.3"]
[White "Liepold, Stefan"]
[Black "Justi, Fabian"]
[Result "1-0"]
[WhiteElo "2277"]
[BlackElo "1837"]
[PlyCount "46"]
[EventDate "2008.03.18"]
[EventType "swiss"]
[EventRounds "9"]
[EventCountry "GER"]
[SourceTitle "EXT 2011"]
[Source "ChessBase"]
[SourceDate "2010.11.26"]
[SourceVersion "1"]
[SourceVersionDate "2010.11.26"]
[SourceQuality "1"]

1. e4 c5 2. Nf3 d6 3. d4 cxd4 4. Nxd4 Nf6 5. Nc3 g6 6. Be3 Bg7 7. f3 Nc6 8. Qd2 0-0 9. Bc4 Bd7 10. h4 Ne5 11. Bb3 h5 12. 0-0-0 Rc8 13. Bh6 Bh8 14. Bxf8 Kxf8 15. g4 Nc4 16. Bxc4 Rxc4 17. gxh5 Nxh5 18. Nde2 Qa5 19. Kb1 b5 20. Nd5 b4 21. Nxe7 Ba4 22. b3 Bb5 23. Qxd6 Bb2 1-0

[Event "Mittelfranken-ch HT 57th"]
[Site "Bechhofen"]
[Date "2008.03.18"]
[Round "2.6"]
[White "Justi, Fabian"]
[Black "Fischer, Gerd"]
[Result "1/2-1/2"]
[WhiteElo "1837"]
[BlackElo "2030"]
[PlyCount "60"]
[EventDate "2008.03.18"]
[EventType "swiss"]
[EventRounds "9"]
[EventCountry "GER"]
[SourceTitle "EXT 2011"]
[Source "ChessBase"]
[SourceDate "2010.11.26"]
[SourceVersion "1"]
[SourceVersionDate "2010.11.26"]
[SourceQuality "1"]

1. e4 c5 2. Nc3 Nc6 3. g3 d6 4. Bg2 Nf6 5. d3 g6 6. f4 Bg4 7. Nce2 Bg7 8. Nf3 Qc7 9. c3 e5 10. h3 Bd7 11. Be3 0-0 12. g4 exf4 13. Nxf4 Rfe8 14. 0-0 h6 15. g5 hxg5 16. Nxg5 Re7 17. Qf3 Be8 18. h4 Bd7 19. Rae1 Ne5 20. Qd1 Rae8 21. Qc2 Neg4 22. Bc1 d5 23. Bf3 dxe4 24. dxe4 c4 25. Bxg4 Nxg4 26. Nd5 Qc5+ 27. Kg2 Re5 28. Nf3 Rh5 29. Nf4 Rh8 30. Rh1 Bc6 1/2-1/2

[Event "Nuremberg LGA Cup 3rd"]
[Site "Nuremberg"]
[Date "2006.09.07"]
[Round "1.60"]
[White "Justi, Fabian"]
[Black "Nowaczynski, Mathias"]
[Result "0-1"]
[WhiteElo "1549"]
[BlackElo "2110"]
[PlyCount "52"]
[EventDate "2006.09.07"]
[EventType "swiss"]
[EventRounds "7"]
[EventCountry "GER"]
[SourceTitle "EXT 2022"]
[Source "ChessBase"]
[SourceDate "2021.10.06"]
[SourceVersion "1"]
[SourceVersionDate "2021.10.06"]
[SourceQuality "1"]

1. e4 Nf6 2. e5 Nd5 3. d4 c6 4. c4 Nc7 5. f4 d5 6. Nf3 Bg4 7. c5 b6 8. b4 Nd7 9. Nc3 e6 10. Be3 a5 11. a3 Be7 12. cxb6 Nxb6 13. b5 cxb5 14. Nxb5 0-0 15. Bd3 Nxb5 16. Bxb5 Nc4 17. Qd3 Bf5 18. Qb3 a4 19. Qc3 Nxe3 20. Qxe3 Qa5+ 21. Kf2 Qxb5 22. h3 Qb2+ 23. Nd2 Rfc8 24. g4 Be4 25. Rhg1 Bh4+ 26. Ke2 Rc3 0-1

[Event "Seebach op 16th"]
[Site "Grossenseebach"]
[Date "2005.05.26"]
[Round "1"]
[White "Justi, Fabian"]
[Black "Luther, Helmut"]
[Result "0-1"]
[WhiteElo "1312"]
[BlackElo "2005"]
[PlyCount "106"]
[EventDate "2005.05.26"]
[EventType "swiss"]
[EventRounds "7"]
[EventCountry "GER"]
[SourceTitle "EXT 2018"]
[Source "ChessBase"]
[SourceDate "2017.10.13"]
[SourceVersion "1"]
[SourceVersionDate "2017.10.13"]
[SourceQuality "1"]

1. e4 d5 2. exd5 Qxd5 3. Nc3 Qa5 4. Nf3 c6 5. d3 Nf6 6. Bd2 Qc7 7. Be2 Bf5 8. 0-0 e6 9. Nh4 Bg6 10. g3 Bd6 11. Re1 Nbd7 12. Bf3 Ne5 13. Nxg6 Nxf3+ 14. Qxf3 hxg6 15. Ne4 Nxe4 16. dxe4 0-0-0 17. Bc3 Rh7 18. Rad1 Rdh8 19. e5 Bc5 20. h4 g5 21. hxg5 Qb6 22. Rd2 Bxf2+ 23. Rxf2 Rh1+ 24. Qxh1 Rxh1+ 25. Kxh1 Qxf2 26. Rg1 Qxc2 27. Rf1 Qe2 28. Re1 Qf2 29. Rg1 Qf3+ 30. Rg2 Qf5 31. Rh2 Qxg5 32. Kg2 b5 33. a3 Kb7 34. Kf3 f6 35. exf6 gxf6 36. g4 e5 37. Bd2 Qg8 38. Be3 a5 39. g5 f5 40. Bd2 e4+ 41. Kg3 Qb3+ 42. Kf4 Qf3+ 43. Ke5 e3 44. Rh7+ Kb6 45. Bc3 Qd5+ 46. Kf4 Qe4+ 47. Kg3 f4+ 48. Kg4 Qxh7 49. Kxf4 e2 50. Ke5 Qg7+ 51. Kf5 Qxc3 52. bxc3 e1Q 53. Kf6 Qxc3+ 0-1